Nirvana-Come As You Are (Lyrics) - Statistics

General Stats
  • This quiz has been taken 3,032 times
  • The average score is 108 of 137
Answer Stats
Lyrics % Correct
A
100%
(A)
100%
As
100%
Come
100%
You
100%
Are,
99%
I
97%
(I)
97%
Be
96%
Friend,
94%
Friend
94%
To
94%
Want
93%
Were
92%
Don't
82%
(Don't)
82%
Have
76%
(Have)
76%
Gun
75%
(Gun)
75%
No,
71%
(No)
71%
An
70%
Your
67%
Enemy
63%
Take
63%
Up
62%
Hurry
61%
Time,
61%
Swear
59%
Late
57%
That
56%
Is
54%
Memoria,
54%
Memoria
54%
Old
53%
Yours,
52%
In
51%
And
49%
Bleach
47%
Choice
47%
Mud,
43%
Trend,
42%
Rest,
38%
Soaked
37%
Doused
32%
No matching quizzes found
Score Distribution
Percent of People with Each Score
Percentile by Number Answered
Your Score History
You have not taken this quiz